| 000 | 01783nam a22003257a 4500 | ||
|---|---|---|---|
| 005 | 20180405110816.0 | ||
| 010 | _a19BACHN16 B-634403-421 HIN-103859 B-690172-173 बलिदानी | ||
| 020 |
_c350.00 _a9789350489925 |
||
| 020 | _c450.00 | ||
| 035 | _aHN-76205 | ||
| 035 | _aB-666940 | ||
| 035 | _aB-634403-421 | ||
| 035 | _aB-690172-173 | ||
| 037 | _bDBAD / PUB | ||
| 037 | _bPRABHAT | ||
| 037 | _bPrabhat/VEN | ||
| 082 | _a358.12 | ||
| 100 | _aमलिक, वी.पी. | ||
| 245 |
_aभारतीय सैन्य शक्ति / _cवी.पी.मलिक; वीरेन वर्मा द्वारा अनुदित |
||
| 246 |
_aBharatiya Sainya Shakti _bby General V. P.Malik |
||
| 260 |
_aनई दिल्ली _bप्रभात प्रकाशन _c2014 _c2017 |
||
| 270 |
_a4/19 आसफ अली रोड _bनई दिल्ली _e110002 |
||
| 300 |
_a232 पृ. _b22 सेमी. (सजिल्द) _cसचित्र |
||
| 500 | _aबलिदानी पुस्तक | ||
| 700 | _aवर्मा, वीरेन | ||
| 942 |
_2ddc _cHN _h358.12 _mमलिक |
||
| 999 |
_c89498 _d89498 |
||